[Event "IRI Cities-chT"]
[Site "Esfahan"]
[Date "2016.05.12"]
[Round "2.1"]
[White "Vahdani, Mojtaba"]
[Black "Darabadi Zare, Mehdi"]
[Result "1-0"]
[WhiteElo "2042"]
[BlackElo "2144"]
[PlyCount "57"]
[EventDate "2016.05.11"]
[EventType "team-swiss"]
[EventRounds "7"]
[EventCountry "IRI"]
[SourceTitle "CBM 172 Extra"]
[Source "ChessBase"]
[SourceDate "2016.06.21"]
[SourceVersion "1"]
[SourceVersionDate "2016.06.21"]
[SourceQuality "1"]
[WhiteTeam "Larestan"]
[BlackTeam "Ardabil"]
[WhiteTeamCountry "IRI"]
[BlackTeamCountry "IRI"]

1. e4 d6 2. d4 Nf6 3. Nc3 g6 4. f4 Bg7 5. Nf3 c5 6. d5 0-0 7. Be2 b5 8. e5 dxe5 9. fxe5 Ng4 10. d6 Nc6 11. Bg5 Qa5 12. dxe7 Nxe7 13. Bxe7 Ne3 14. Qd2 Bh6 15. Bg5 Bxg5 16. Nxg5 Nxg2+ 17. Kf2 Rd8 18. Qc1 Nh4 19. Qf4 Nf5 20. Rad1 Be6 21. Bg4 b4 22. Bxf5 Bxf5 23. Nce4 Qxa2 24. Nxh7 Qxb2 25. Qh6 Qxc2+ 26. Rd2 Rxd2+ 27. Nxd2 f6 28. exf6 Kf7 29. Re1 1-0